Non target effects of fungicides on antagonistic bacterial isolates from a rubber plantation (Record no. 50691)

MARC details
000 -LEADER
fixed length control field 00710nam a2200169Ia 4500
100 ## - MAIN ENTRY--AUTHOR NAME
Personal name Joseph K
245 #0 - TITLE STATEMENT
Title Non target effects of fungicides on antagonistic bacterial isolates from a rubber plantation
260 ## - PUBLICATION, DISTRIBUTION, ETC. (IMPRINT)
Name of publisher IPS-MEZ Annual Meeting & National Symposium on Advances in Microbial Diversity and Disease Management for Sustainable Crop Production, 13-15 October 2008, College of Forestry and Hill Agriculture, Ranichauri, Uttarakhand: Souvenir and Abstracts. pp. 174.
650 ## - SUBJECT ADDED ENTRY--TOPICAL TERM
Topical Term Antagonistic bacterial isolates
650 ## - SUBJECT ADDED ENTRY--TOPICAL TERM
Topical Term Fungicides
700 ## - ADDED ENTRY--PERSONAL NAME
Personal name Abraham A
700 ## - ADDED ENTRY--PERSONAL NAME
Personal name Farha A K
700 ## - ADDED ENTRY--PERSONAL NAME
Personal name Jacob C K
700 ## - ADDED ENTRY--PERSONAL NAME
Personal name Philip S
942 ## - ADDED ENTRY ELEMENTS (KOHA)
Koha item type Bibliography STAF
Holdings
Withdrawn status Lost status Damaged status Not for loan Home library Current library Shelving location Date acquired Koha item type
      Bibliography RRII Library RRII Library Plant pathology 22/12/2008 Bibliography STAF